La casa de Bernarda Alba ; Mariana Pineda / (Registro nro. 824)
[ vista simple ]
| 000 -CABECERA | |
|---|---|
| fixed length control field | 00754nam a22002537a 4500 |
| 003 - CONTROL NUMBER IDENTIFIER | |
| control field | AR-BeUNQ |
| 005 - FECHA Y HORA DE LA ULTIMA TRANSACCION | |
| control field | 20230908151834.0 |
| 008 - ELEMENTOS DE LONGITUD FIJA-INFORMACION GENERAL | |
| fixed length control field | 230904s2006 ag ||||| |||| 00| d spa d |
| 020 ## - NUMERO INTERNACIONAL NORMALIZADO PARA LIBROS | |
| Número Internacional Normalizado del libro | 9871187823 |
| 040 ## - FUENTE DE CATALOGACION | |
| Agencia de catalogación original | AR-BeUNQ |
| Agencia que realiza la transcripción | AR-BeUNQ |
| Convenciones de la descripción | aacr |
| 082 ## - NUMERO DE CLASIFICACION DECIMAL DEWEYMBER | |
| Número de clasificación | Es 862 |
| Número de la edición | 21 |
| 100 #1 - ASIENTO PRINCIPAL-NOMBRE PERSONAL | |
| Nombre personal | Garcia Lorca, Federico |
| 245 ## - MENCION DE TITULO | |
| Título | La casa de Bernarda Alba ; Mariana Pineda / |
| Mención de responsabilidad, etc | Federico García Lorca |
| 250 ## - MENCION DE EDICION | |
| Mención de edición | 1a.ed |
| 260 ## - PUBLICACION, DISTRIBUCION, ETC. | |
| Lugar de publicación, distribución, etc. | La Plata : |
| Nombre del editor, distribuidor, etc. | Terramar, |
| Fecha de publicación, distribución, etc | 2006. |
| 300 ## - DESCRIPCION FISICA | |
| Extensión | 141 p. ; |
| Dimensiones | 18 cm. |
| 500 ## - NOTA GENERAL | |
| Nota general | Incluye cronología de García Lorca. |
| 650 #7 - ASIENTO SECUNDARIO DE MATERIA - TERMINO TEMATICO | |
| Término temático o nombre geográfico como elemento de entrada | Literatura española |
| Fuente del encabezamiento o términ | tell |
| 650 #7 - ASIENTO SECUNDARIO DE MATERIA - TERMINO TEMATICO | |
| Término temático o nombre geográfico como elemento de entrada | Teatro |
| Fuente del encabezamiento o términ | tell |
| 650 #7 - ASIENTO SECUNDARIO DE MATERIA - TERMINO TEMATICO | |
| Término temático o nombre geográfico como elemento de entrada | Textos teatrales |
| Fuente del encabezamiento o términ | tell |
| 740 ## - ASIENTO SECUNDARIO – TITULOS RELACIONADOS/ANALITICOS NO CONTROLADOS | |
| Título relacionado o analítico no controlado | Mariana Pineda |
| 929 ## - DATOS DE ADQUISICION | |
| Procedencia | DONACION |
| Proveedor | D. UNQ |
| Fecha de recibido | 20220901 |
| Patrimonio UNQ | PAT0080494 |
| Es copia | 1 |
| Número de inventario | 60651 |
| 942 ## - ELEMENTOS DE PUNTO DE ACCESO ADICIONAL (KOHA) | |
| Tipo de ítem Koha | Libros |
| Estado de retiro | Estado de pérdida | Ubicación permanente | Ubicación actual | Ubicación en estantería | Fecha de ingreso | Signatura topográfica completa | Inventario | Date last seen | Número de copia | Tipo de ítem Koha | Operador |
|---|---|---|---|---|---|---|---|---|---|---|---|
| Biblioteca ESET - UNQ | Biblioteca ESET - UNQ | CIRCULACION | 01/09/2022 | Es 862 GAR | 60651 | 18/05/2023 | 1 | Libros | GS |